| 000 | 00520 a2200181 4500 | ||
|---|---|---|---|
| 003 | OSt | ||
| 005 | 20231215093405.0 | ||
| 008 | 231214b |||||||| |||| 00| 0 eng d | ||
| 020 | _a9789353907143 | ||
| 040 | _coclc | ||
| 082 |
_a894.8122 _bNAR/A |
||
| 100 |
_aNarayanapanikker, Kavalam _97138 |
||
| 245 |
_aAvanavankatamba / _cKavalam Narayana Panicker |
||
| 250 | _a1st ed. | ||
| 260 |
_aKottayam: _bD C Books, _c2020. |
||
| 300 | _a80p. | ||
| 942 |
_2ddc _cBK _h894.8122 _iNAR/A _k894.8122 _mNAR/A |
||
| 999 |
_c44137 _d44137 |
||